Financial accounting part1 (Record no. 8866)

000 -LEADER
fixed length control field 00444nam a22001217a 4500
040 ## - CATALOGING SOURCE
Transcribing agency HS
082 ## - DEWEY DECIMAL CLASSIFICATION NUMBER
Classification number 657
100 ## - MAIN ENTRY--AUTHOR NAME
Personal name SAM GHANTHY
245 ## - TITLE STATEMENT
Title Financial accounting part1
260 ## - PUBLICATION, DISTRIBUTION, ETC. (IMPRINT)
Place of publication វិទ្យាស្ថានសេដ្ឋកិច្ច និងហិរញ្ញវត្ថ្ នៃក្រសួងសេដ្ឋកិច្ច និងហិរញ្ញវត្ថុ
Name of publisher SAM GHANTHY
Year of publication 2000
300 ## - PHYSICAL DESCRIPTION
Number of Pages 80p;
942 ## - ADDED ENTRY ELEMENTS (KOHA)
Koha item type សៀវភៅភាសាខ្មែរ
952 ## - LOCATION AND ITEM INFORMATION (KOHA)
Withdrawn status [LOCAL, KOHA] 0
Holdings
Koha item type Barcode Lost status Permanent Location Current Location Date acquired Full call number
សៀវភៅភាសាខ្មែរRUA043032 Library Block CLibrary Block C2016-08-18657 SAM 2000 C233
មជ្ឈមណ្ឌលឯការនៃសាកលវិទ្យាល័យភូមិន្ទកសិកម្មចំការដូង

Powered by Koha